Inovácie - impulzy pre MSP
Saved in:
| Main Author: | |
|---|---|
| Format: | Book |
| Language: | Slovak |
| Published: |
Trnava :
Tlačové štúdio Váry,
2008
|
| Subjects: | |
| Online Access: | OBSAH |
| Tags: |
No Tags, Be the first to tag this record!
|
MARC
| LEADER | 00000nam a22000003a 4500 | ||
|---|---|---|---|
| 001 | stu174998 | ||
| 005 | 20221212133755.5 | ||
| 008 | 081029s2008----xo------------------slo-d | ||
| 020 | |a 978-80-969443-9-2 | ||
| 040 | |a STU |b slo | ||
| 041 | 0 | |a slo | |
| 044 | |a xo | ||
| 100 | 1 | |a Jasenák, Jozef, |d 1958- |4 aut |u M390 |9 100 |U MTF Materiálovotechnologická fakulta |T MTF Katedra environmentálneho a bezpečnostného inžinierstva |X 1532 |U M390 |Y 177 |7 A000001532 | |
| 245 | 1 | |a Inovácie - impulzy pre MSP | |
| 260 | |a Trnava : |b Tlačové štúdio Váry, |c 2008 | ||
| 300 | |a 116 s | ||
| 650 | 7 | |a zváranie |2 stusub | |
| 650 | 7 | |a BOZP |2 stusub | |
| 856 | 4 | |a https://sweb.mtf.stuba.sk/obsahy/Inovacie_impulzy_pre_msp_08 |u https://sweb.mtf.stuba.sk/obsahy/Inovacie_impulzy_pre_msp_08 |3 OBSAH | |
| 996 | |b 284M069116 |c M*12361-1 |l MMST |s A |a 24 |w stu174998_0001 | ||